Slovenská rozvojová spolupráca v roku 2014 hodnotiaca správa mimovládnych rozvojových organizácií
Na minha lista:
| Formato: | Livro |
|---|---|
| Idioma: | eslovaco |
| Publicado em: |
Bratislava
Platforma mimovládnych rozvojových organizácií
2015
|
| Assuntos: | |
| Tags: |
Sem tags, seja o primeiro a adicionar uma tag!
|
MARC
| LEADER | 00000nam a2200000 4500 | ||
|---|---|---|---|
| 001 | 0212781 | ||
| 005 | 20240318125838.5 | ||
| 041 | 0 | |a slo | |
| 044 | |a SK | ||
| 245 | 1 | 0 | |a Slovenská rozvojová spolupráca v roku 2014 |b hodnotiaca správa mimovládnych rozvojových organizácií |
| 264 | 1 | |a Bratislava |b Platforma mimovládnych rozvojových organizácií |c 2015 | |
| 300 | |a 31 s. | ||
| 610 | 2 | 0 | |a spolupráca medzinárodná |
| 610 | 2 | 0 | |a pomoc rozvojová |
| 610 | 2 | 0 | |a pomoc humanitárna |
| 610 | 2 | 0 | |a projekty |
| 610 | 2 | 0 | |a bilateralita |
| 610 | 2 | 0 | |a krajiny rozvojové |
| 610 | 2 | 0 | |a porovnanie medzinárodné |
| 610 | 2 | 0 | |a ukazovatele |
| 610 | 2 | 0 | |a Slovensko |